The American biologist through four centuries /

Bibliographic Details
Main Author: Hughes, Arthur Frederick William, 1908-
Format: Book
Language:English
Published: Springfield, Ill. : Thomas, [1982]
Subjects:

MARC

Tag First Indicator Second Indicator Subfields
LEADER 00000cam a2200000 a 4500
001 in00000092858
005 20150923173327.0
008 810721s1982 ilu b 00110ceng
010 |a  81009321  
020 |a 0398045984 (pbk.) 
035 |a (OCoLC)07671944 
035 |9 AAK7865AM 
039 0 |a 2  |b 3  |c 3  |d 3  |e 3 
040 |a DLC  |c DLC  |d CHS  |d TXA  |d UtOrBLW 
043 |a n-us--- 
049 |a TXAM  |c 1 [1806145], 2 [1806146] 
050 0 0 |a QH305.2 U6  |b  H83 
082 0 |a 574/.0973  |2 19 
096 |a QH 305.2.U6 H893a 1982 
100 1 |a Hughes, Arthur Frederick William,  |d 1908- 
245 1 4 |a The American biologist through four centuries /  |c by Arthur F.W. Hughes ; with a foreword by Derek de S. Price, Gloria Robinson. 
264 1 |a Springfield, Ill. :  |b Thomas,  |c [1982] 
264 4 |c ©1982 
300 |a xvii, 386 pages ;  |c 23 cm. 
336 |a text  |b txt  |2 rdacontent 
337 |a unmediated  |b n  |2 rdamedia 
338 |a volume  |b nc  |2 rdacarrier 
500 |a Includes index. 
504 |a Bibliography: pages 354-377. 
650 0 |a Biology  |z United States  |x History. 
650 0 |a Biologists  |z United States  |v Biography. 
650 0 |a Biologists  |z United States  |x History. 
650 2 |a Biology  |z United States  |x biography. 
650 2 |a Biology  |z United States  |x history. 
999 |a MARS 
999 f f |s 609f9548-ba29-3cf4-a6b6-0fce21c0861c  |i 3a71a925-06b8-3aba-9b35-d37d5eba086f  |t 0 
952 f f |p ric  |a Texas A&M University  |b Rellis Campus  |c Joint Library Facility  |s JLF  |d Remote Storage  |t 0  |e QH305.2 U6 H83  |h Library of Congress classification  |i unmediated -- volume  |m A14806015513 
998 f f |a QH305.2 U6 H83  |t 0  |l Remote Storage